000 00531nam a22002177a 4500
005 20251113162026.0
008 251113b |||||||| |||| 00| 0 eng d
020 _a9789391211615
040 _cILCL
041 _2eng
_aeng
084 _aZ2,9298 R2.1
100 _aJain, M P
_9851304
245 _aPrinciples of Administrative Law
250 _a9
260 _aHaryana
_bLexis Nexis
_c2022
300 _acccxxxix,1540p.
490 _v1
700 _aJain, S N
_9851305
700 _aKannan K
_9851306
942 _2CC
_cTB
999 _c1465374
_d1465374